000 01230nam a22003737a 4500
001 0054768
003 KOHA_MİRAKIL
005 20260207003956.0
007 ta
008 160119b2014 tu |||gr||||#||||0|tur |
020 _a9789751629791
040 _aTR-BiSEU
_btur
_cTR-BiSEU
_erda
041 0 _atur
044 _ctu
050 _aNA6763
_b.C36 2014
100 1 _aCantay, Gönül.
245 1 _aAnadolu Selçuklu ve Osmanlı Darüşşifaları/
_cGönül Cantay ; Gönül Cantay.
264 1 _aAnkara :
_bAtatürk Kültür Merkezi Başkanlıǧı
_c2014
300 _a123 sayfa, [110]: resimli; 25 cm.
336 _ametin
_btxt
_2rdacontent
337 _aaracısız
_bn
_2rdamedia
338 _acilt
_bnc
_2rdacarrier
490 1 _aAtatürk Kültür, Dil ve Tarih Yüksek Kurumu Yayın No ;
_v61.
500 _aDizin var.
500 _aKaynakça var.
650 0 _aArchitecture, Islamic.
_912910
650 0 _aArchitecture Turkish.
_912911
650 0 _aHospitals medieval.
_912912
650 0 _aMimari İslami.
_912913
650 0 _aMimari Türk.
_912914
650 0 _aHastaneler Ortaçağ.
_912915
830 1 _aAtatürk Kültür, Dil ve Tarih Yüksek Kurumu Yayın No ;
_v61.
_9101777
942 _2lcc
_cBK
999 _c54575
_d54575